ბათუმის შოთა რუსთაველის სახელმწიფო უნივერსიტეტის ბიბლიოთეკა

ქართული ფილოსოფიური აზრის ისტორია : (ბიბ.ჩანაწერი № 58839)

000 -ლიდერი
ფიქსირებული სიგრძის საკონტროლო ველი 01588nam a22002417a 4500
003 - საკონტროლო ნომრის იდენტიფიკატორი
საკონტროლო ველი Ge_BSU
005 - ბოლო ოპერაციის თარიღი და დრო
საკონტროლო ველი 20221006141345.0
008 - ფიქსირებული სიგრძის მონაცემთა ელემენტები - ზოგადი ინფორმაცია
ფიქსირებული სიგრძის საკონტროლო ველი 221006s2008 ge ||||| |||| 00| 0 geo d
020 ## - წიგნის საერთაშორისო სტანდარტული ნომერი
International Standard Book Number 9789941412165
041 ## - ენის კოდი
Language code of text/sound track or separate title geo
080 ## - უნივერსალური ათობითი კლასიფიკაციის ინდექსი
Universal Decimal Classification number 1(479.22)(09) ქ-27
245 ## - ცნობა სათაურის შესახებ
Title ქართული ფილოსოფიური აზრის ისტორია :
Remainder of title ტ. 3, XIX საუკუნე /
Statement of responsibility, etc [... ოთხტომეულის მთ. რედ. გურამ თევზაძე ; ტომის რედ.: ს. ავალიანი, მ. მახარაძე] ; საქ. მეცნ. აკად., ფილოსოფიის ინ-ტი.
264 ## - წარმოების, გამოცემის, დისტრიბუციის და სხვა ცნობები
გამოცემის, წარმოების, დისტრიბუციის... ადგილი ბათუმი :
გამოცემის, წარმოების, დისტრიბუციის... სახელწოდება შოთა რუსთაველის სახელმწ. უნ-ტი,
გამოცემის, წარმოების, დისტრიბუციის... თარიღი 2008.
300 ## - ფიზიკური აღწერა
Extent 460 გვ.;
Other physical details 20 სმ.
504 ## - BIBLIOGRAPHY, ETC. NOTE
Bibliography, etc შენიშვნები: გვ. 417-441.
საძიებელი: გვ. 448-456.
520 ## - SUMMARY, ETC.
Summary, etc რეზ. ინგლ.
653 ## - INDEX TERM--UNCONTROLLED
Uncontrolled term ქართული ფილოსოფიური აზრის ისტორია
700 ## - ADDED ENTRY--PERSONAL NAME
Personal name თევზაძე, გურამ
Relator term მთავარი რედაქტორი
9 (RLIN) 15094
700 ## - ADDED ENTRY--PERSONAL NAME
Personal name ავალიანი, ს.
Relator term რედაქტორი
9 (RLIN) 15095
700 ## - ADDED ENTRY--PERSONAL NAME
Personal name მახარაძე, მ.
Relator term რედაქტორი
9 (RLIN) 15096
710 ## - ADDED ENTRY--CORPORATE NAME
Corporate name or jurisdiction name as entry element საქართველოს მეცნიერებათა აკადემია
Subordinate unit ფილოსოფიის ინსტიტუტი
9 (RLIN) 15091
942 ## - ADDED ENTRY ELEMENTS (KOHA)
Source of classification or shelving scheme
Koha item type წიგნი
ეგზემპლარები
ჩამოწერის სტატუსი დაკარგული ეგზემპლარის სტატუსი კლასიფიკაციის წყარო ან თაროზე გაწყობის სქემა დაზიანების სტატუსი არ გაიცემა მუდმივი მდებარეობა (დაცვის ადგილი) ამჟამინდელი ადგილსამყოფელი თაროზე განთავსების ადგილი შეძენის თარიღი ღირებულება, შესყიდვის ნორმალური ფასი სრული შენახვის შიფრი შტრიხკოდი ბოლო ოპერაციის თარიღი ეგზემპლარის მიმდევრობითი ნომერი (კეტერი?) ფასის ძალაში შესვლის თარიღი ეგზემპლარის სახეობა საჯარო შენიშვნა
          ბათუმის შოთა რუსთაველის სახელმწიფო უნივერსიტეტის მთავარი ბიბლიოთეკა ბათუმის შოთა რუსთაველის სახელმწიფო უნივერსიტეტის მთავარი ბიბლიოთეკა წიგნსაცავი 2022-10-06 12.00 1(479.22)(09) ქ-27 28621 2022-10-06 28621 2022-10-06 წიგნი 12 ლ.